000 00308nam a2200133 a 4500
008 101209s1988|||| d
245 1 0 _aDo nitra kontinentu
100 1 _aKřivský, Petr
700 1 _aSkřivan Aleš
260 _bMladá fronta
_aPraha
_c1988
020 _c85
044 _aCZ
041 _acze
999 _c13995
_d13995